Stationen der S1 (Wien) - Statistiken

Allgemein
  • Dieses Quiz wurde 69 mal gespielt
    66 seit der letzten Aktualisierung
  • Das Durchschnittsergebnis liegt bei 18 aus 24
Antwortstatistiken
Station % Korrekt
Wien Hauptbahnhof
98%
Wien Meidling
98%
Wien Praterstern
96%
Wien Floridsdorf
92%
Wien Matzleinsdorfer Platz
90%
Wien Mitte-Landstraße
90%
Wien Rennweg
90%
Mödling
88%
Wien Handelskai
86%
Wien Liesing
84%
Wien Quartier Belvedere
78%
Wien Atzgersdorf
76%
Wien Traisengasse
76%
Wien Leopoldau
72%
Brunn-Maria Enzersdorf
68%
Gänserndorf
68%
Wien Hetzendorf
68%
Perchtoldsdorf
64%
Wien Siemensstraße
64%
Wien Süßenbrunn
64%
Deutsch-Wagram
58%
Strasshof
58%
Silberwald
50%
Helmahof
38%
Keine übereinstimmenden Quizze gefunden
Verteilung der Resultate
Anzahl Personen mit jedem Resultat
Perzentil nach korrekt beantworteten Fragen
Ihre Resultats-Entwicklung
Sie haben dieses Quiz seit der letzten Aktualisierung nicht gespielt